El derecho de petición como garantía fundamental (Record no. 153419)
[ view plain ]
| 000 -LEADER | |
|---|---|
| fixed length control field | nam a22 7a 4500 |
| 005 - DATE AND TIME OF LATEST TRANSACTION | |
| control field | 20191212093905.0 |
| 008 - FIXED-LENGTH DATA ELEMENTS--GENERAL INFORMATION | |
| fixed length control field | 191212b cr ||||| |||| 00| 0 spa d |
| 020 ## - INTERNATIONAL STANDARD BOOK NUMBER | |
| International Standard Book Number | 9977131228 |
| 050 04 - LIBRARY OF CONGRESS CALL NUMBER | |
| Classification number | KGB3019 |
| Item number | C67 1997 |
| 100 1# - MAIN ENTRY--PERSONAL NAME | |
| Personal name | Córdoba Ortega, Jorge. |
| 245 13 - TITLE STATEMENT | |
| Title | El derecho de petición como garantía fundamental |
| Remainder of title | : (con jurisprudencia constitucional) |
| Statement of responsibility, etc | / Jorge Córdoba Ortega. |
| 250 ## - EDITION STATEMENT | |
| Edition statement | 1a ed. |
| 260 ## - PUBLICATION, DISTRIBUTION, ETC. (IMPRINT) | |
| Place of publication, distribution, etc | San José, Costa Rica : |
| Name of publisher, distributor, etc | Investigaciones Jurídicas, |
| Date of publication, distribution, etc | 1997. |
| 300 ## - PHYSICAL DESCRIPTION | |
| Extent | 224 p. ; |
| Dimensions | 21 cm. |
| 504 ## - BIBLIOGRAPHY, ETC. NOTE | |
| Bibliography, etc | Incluye bibliografía. |
| 650 #4 - SUBJECT ADDED ENTRY--TOPICAL TERM | |
| Topical term or geographic name as entry element | Derecho de petición |
| Geographic subdivision | Costa Rica |
| 650 #7 - SUBJECT ADDED ENTRY--TOPICAL TERM | |
| Source of heading or term | lemb |
| Topical term or geographic name as entry element | Derechos civiles |
| Geographic subdivision | Costa Rica |
| 942 ## - ADDED ENTRY ELEMENTS (KOHA) | |
| Source of classification or shelving scheme | Biblioteca del Cogreso de los Estados Unidos |
| Koha item type | Libro |
| Estado de pérdida | Fuente de clasificación | Estado del daño | No para préstamo | Ubicación permanente | Ubicación actual | Apartado o colección | Fecha de adquisición | Fuente de adquisición | Edición | Área del conocimiento | Clasificación | Código de Barras | Date last seen | Número de copia | Costo por reposición | Tipo de recurso |
|---|---|---|---|---|---|---|---|---|---|---|---|---|---|---|---|---|
| Biblioteca del Cogreso de los Estados Unidos | Biblioteca del Posgrado en Derecho | Biblioteca del Posgrado en Derecho | Colección Ernesto Villanueva | 12/12/2019 | Donación | 1a ed. | Ciencias Sociales y Administrativas | KGB3019 C67 1997 | BPD000001129 | 12/12/2019 | 1 | 1.00 | Libro |